Les chiffres de 0 à 100 en 60 secondes (=Version Facile) - Statistiques

Statistiques générales
  • Ce quiz a été pris 1 230 fois
  • Le résultat moyen est 70 sur 101
Statistiques - réponses
Hint Réponse % Correct
1 1
99%
2 2
98%
3 3
98%
4 4
97%
5 5
97%
6 6
97%
7 7
96%
8 8
96%
9 9
96%
10 10
93%
11 11
91%
12 12
91%
13 13
91%
14 14
90%
15 15
90%
16 16
90%
17 17
89%
0 0
88%
18 18
88%
21 21
88%
22 22
88%
19 19
87%
23 23
87%
20 20
86%
24 24
86%
25 25
86%
26 26
85%
28 28
85%
29 29
85%
31 31
85%
27 27
84%
32 32
84%
30 30
83%
34 34
83%
35 35
82%
36 36
81%
38 38
81%
40 40
81%
33 33
80%
37 37
80%
39 39
80%
41 41
80%
42 42
80%
43 43
80%
44 44
78%
45 45
77%
46 46
76%
47 47
76%
48 48
75%
49 49
74%
50 50
74%
51 51
74%
55 55
74%
52 52
73%
53 53
73%
56 56
72%
54 54
71%
57 57
69%
58 58
69%
59 59
68%
60 60
68%
61 61
68%
62 62
68%
63 63
66%
66 66
66%
64 64
65%
65 65
65%
67 67
64%
68 68
62%
69 69
59%
70 70
58%
71 71
56%
72 72
56%
73 73
54%
74 74
54%
77 77
53%
75 75
52%
76 76
52%
78 78
51%
79 79
48%
80 80
47%
81 81
47%
82 82
46%
83 83
45%
84 84
45%
85 85
45%
86 86
44%
88 88
44%
87 87
42%
89 89
38%
90 90
37%
91 91
35%
92 92
34%
93 93
32%
94 94
31%
95 95
30%
96 96
30%
97 97
30%
98 98
30%
99 99
30%
100 100
24%
Aucun quiz correspondant
Distribution des résultats
% des personnes avec chaque résultat
Percentile par nombre de réponses
Votre historique - résultats
Vous n’avez pas pris ce quiz